MDQL
is popping MORE tags! Check the
thread
!
Quizzes
Events
Quiz Creation
Community
Videos
Private Events
Remove Ads
Sign In
Join for FREE
Feedback
Dark Mode
Quiz Categories
Sports
Geography
Music
Movies
Television
Just For Fun
Miscellaneous
History
Literature
Language
Science
Gaming
Entertainment
Religion
Holiday
For Kids
Quiz Lab
Recent
Popular Today
Quiz Kudos Today
Editor Picks
Curator Picks
Quizzes by...
Day
Popularity
Type
Ratings
Length
Year
Community
Subscriptions
Recent Discussions
Orange Saloon
Badges
Playlists
Quests
Create
Leaderboards
Showdown
Live 5
Trivia Bingo
Activity
Puzzle Library
Sporcle Events
Private Events
Virtual Trivia
Globe League
Become a Host
Pub Owners
SporcleCon
Opinionation
Our Games
Videos
Blog
Mobile Apps
Partnerships
Remove Ads and Go Orange
Feedback
Literature
Harry Potter
A Song of Ice and Fire
The Hunger Games
Literary Character
Shakespeare
Book
Author
Novel
Poem
Young Adult
Children's Books
Play
Lord of the Rings
Literature
Harry Potter
A Song of Ice and Fire
The Hunger Games
Literary Character
Shakespeare
Book
Author
Novel
Poem
Young Adult
Children's Books
Play
Lord of the Rings
Random Quiz
Search Sporcle
×
Quiz Lab
Quiz Lab
Literature
Vocabulary
Type in answers that appear in a list
Type in answers that appear in a list
Classic
Best Score? Go Orange.
Great Expectations 101-150 Vocab Quiz Stats
Can you name the Great Expectations 101-150 Vocab Quiz?
By
SilverrNoise
10m
21 Questions
31 Plays
31 Plays
31 Plays
Comments
Comments
Give Quiz Kudos
Give Quiz Kudos
-
- Ratings
hide this ad
Forced Order
Answers have to be entered in order
Answers have to be entered in order
Random Order
Randomize order of answers
Randomize order of answers
Replay
Link that replays current quiz
Next Quiz
Link to next quiz in quiz playlist
You Got
0%
They Got
Avg Score
77%
Avg Friend Score
Upgrade to see
Score Distribution
Jump to the score distribution portion of the page
Score
0/21
Timer
10:00
0
Plays Today
Test
% Correct
a scarf or neck tie
cravat
93.5%
hateful
odious
80.6%
parchment
vellum
80.6%
favorable
auspicious
80.6%
pay an equivalent
remunerate
77.4%
soft or flabby
flaccid
77.4%
a carriage with horses
equipage
77.4%
illigitimate
spurious
77.4%
to extract
eliciting
77.4%
to force
extort
77.4%
loud ringing of bells
peals
77.4%
Test
% Correct
hopelessness
despondent
77.4%
pentamine (show or ceremony)
mummery
77.4%
prey
quarries
77.4%
convincing
cogent
77.4%
accuse publicly
denunciations
74.2%
protest
remonstrance
74.2%
irritable /
angry
choleric
74.2%
remorse
contrition
74.2%
uncommunicative
retinence
71%
lacking confidence
diffience
67.7%
Quiz Playlist
Details
Report
Send in Message
Add To Playlist
Classic:
Type in answers that appear in a list
Forced Order:
Answers have to be entered in order
Random Order:
Randomize order of answers
Last Updated: Feb 16, 2017
Quiz Scoreboard
CHALLENGE
Sign Up to Join the Scoreboard
Show All
Scores
Hide
Comments
May contain spoilers
Recently Published
Colored Red Africa Blitz
by spor1
Geography
30s
Find the 'City' Movie
by crazypaving
Movies
60s
5x2 Blitz: Bands
by SL_Kpop136
Music
30s
More to Explore
Quiz From the Vault
Featured Blog Post
14 Easter Pick-up Lines to Find Eggs With
hide this ad
You Might Also Like...
Tags
Vocabulary Quiz
Expectation
Great Expectations
test
Today's Top Quizzes in Literature
Browse Literature
hide this ad
Today's Top Quizzes in Vocabulary
Browse Vocabulary
Top Contributed Quizzes in Literature
1
Sneaky Slytherin Logic Puzzle
2
Harry Potter Slytherin Logic Puzzle
3
Get The Picture: Black or White Literature
4
Logic Puzzle: Avoid Dumbledore's Army
5
Mini Trivia Sudoku: A Song of Ice and Fire
6
A Song of Ice and Fire Logic Puzzle
7
One Thing in Common: Literature II
8
Books By Opening Lines IV
9
The Hunger Games Logic Puzzle: Find Katniss
10
Silmarillion Characters by Any 3 Letters
Explore More
Trending Topics
Disney
Anime
Crossword
Marvel
Harry Potter
Kpop
NBA
Country
NFL
Song
Pokémon
The Office
WWE
Soccer
Puzzle
hide this ad
More By:
SilverrNoise
Quiz
Plays
Rating
Category
Featured
Created
Neuroscience Vocab
133
Science
Mar 4, 2014
Cognitive Neuroscience 1
126
Science
Sep 28, 2014
Psychology Names & Vocab
120
2.00
Science
Feb 21, 2011
Neuroscience Vocab 2
54
Science
Apr 9, 2014
Great Expectations 51-100 Vocab Quiz
34
3.00
Literature
Oct 26, 2009
Go to Creator's Profile
Score Distribution
Quiz Creator Spotlight
SilverrNoise
Follow
Send a Message
Quizzes Created
-
Created Quiz Play Count
-
More By This Creator
Popular Quizzes Today
1
Colored Red Africa Blitz
2
Find the 'City' Movie
3
5x2 Blitz: Bands
4
Find the US States - No Outlines Minefield
5
The Countries of the World
6
Find the US States
7
US States
8
Find the Countries of Europe - No Outlines Minefield
More Literature Quizzes
Missing Image: Harry Potter Characters
Published
Trending Quizzes
Colored Red Europe Blitz I
Colored Red Africa Blitz II
Colored Red Europe Blitz II
Colored Red Africa Blitz III
Colored Red Europe Blitz III
Recently Updated
How Do You Spell That?
pecheneg
Godzilla Movies
pecheneg
Grab Bag: 4-10 Letters
pecheneg
2024 March Madness Bracket
pecheneg
Famous TV Couples
Peacemaker
Champions League XIs: Real Madrid
pecheneg
Largest US Cities 1790-2010
pecheneg
Rides in Walt Disney World
pecheneg
Most Oscar Losses (Acting)
pecheneg
Beyoncé Albums
pecheneg
Trending Topics
Marvel
NBA
Disney
Harry Potter
Anime
Kpop
Crossword
NFL
Song
Soccer
Country
Pokémon
Puzzle
The Office
WWE
Your Account Isn't Verified!
In order to create a playlist on Sporcle, you need to verify the email address you used during registration. Go to your
Sporcle Settings
to finish the process.
Report this User
Report this user for behavior that violates our
Community Guidelines
.
Details:
Send Report
Go to the Sporcle.com Mobile Site →
Comments